• 首页
  • 本馆介绍
  • 公告通知
  • 最新文献
  • 馆藏检索
  • 电子资源
  • 读者导购
  • 参考咨询
  • 我的图书馆
  • 登录
  • 详细信息显示
  • 放入我的书架
  • 预约/预借图书
  • 作者相关作品
  • 分类相关作品
  • 丛书相关作品
  • 出版社相关作品

书目信息

  • 表格格式
  • 工作单格式
  • 卡片格式
书名: philosophy and faith
作者: David Shatz.
分册号:
分册名:
出版地: Boston :
 
出版社: The McGraw-Hill Companies
出版时间: 2002.
页数: 586 p. ;
开本: 24cm.
丛书名:
中图分类号:
科图分类号:
其他分类号: B712.35
主题词:
电子资源:
000 00423nam 2200145 a 4500
001 E0762624478
005 20070317172643.45
008 070317s2002 00010 eng
020    @a0-07-237689-9.
040    @aPFT@beng
090    @aB712.35
099    @dB712.35@ex17
245    @aphilosophy and faith :@ba philosophy of religion reader / @cDavid Shatz.
260    @aBoston :@bThe McGraw-Hill Companies,@c2002.
300    @a586 p. ;@c24cm.
    
    philosophy and faith : : a philosophy of religion reader / / David Shatz.-Boston : : The McGraw-Hill Companies, , 2002.
    586 p. ; ; 24cm.
    
    
    ISBN 0-07-237689-9.
    
●
相关链接 在E读中查询图书 在五车中查询图书 在当当中查询图书 在豆瓣中查询图书


正题名:philosophy and faith     索取号:B712.35/x17         预约/预借

序号 登录号 条形码 馆藏地/架位号 状态 备注
1 0002363   300023631   第二样本阅览室/ [索取号:B712.35/x17] 在馆    
2 0002364   300023640   第四借阅区/ [索取号:B712.35/x17] 在馆    
3 0002365   300023659   第四借阅区/ [索取号:B712.35/x17] 在馆    
唐山师范学院图书馆 欢迎您!
大连网信软件有限公司© 版权所有